La gestion des db̌iteurs ou l'art de se fer payer

Detalles Bibliográficos
Autor principal: Vincent, Olivier
Formato: eBook
Lenguaje:francés
Publicado: [Bľgica] : Edipro, 2009.
Materias:
Acceso en línea:Acceso restringido

MARC

LEADER 00000nam a22000007a 4500
005 2011091906446.0
008 110919s2009 be ||||s|||| 00| 0 fre d
020 |a 978-2-87496-026-0 
035 |a 4813 
040 |a vLex 
090 |c 2498  |d 2498 
100 1 |a Vincent, Olivier 
245 1 0 |a La gestion des db̌iteurs ou l'art de se fer payer  |h [Recurso electrn̤ico] /  |c Olivier Vincent 
256 |a Servicio en ln̕ea. 
260 |a [Bľgica] :  |b Edipro,  |c 2009. 
300 |a 1 recurso electrn̤ico 
506 1 |a Contenido solo disponible en los productos indicados  |d vLex Global  |d vLex Global (Academic Edition, excluding Law Schools)  |d vLex Global (U.S. Academic Edition, Law Schools)  |d vLex Global (U.S. Academic Edition, excluding Law Schools)  |d vLex Global (Academic Edition, Law Schools) 
650 0 4 |a Deuda  |z Bľgica 
740 0 |a vLex Libros (Servicio en ln̕ea) 
856 4 0 |u http://vlex.com/source/gestion-debiteurs-4813  |z Acceso restringido 
942 |c BOOK